河南省下辖县级行政区地图 County-level administrative divisions of Henan - Statistics

General Stats
  • This quiz has been taken 1 221 times
  • The average score is 69 of 157
Answers on the Map
Answers color-coded by a green-red scale on the quiz's map according to % correct below.
 
Answer Stats
县级类 地名 % Correct
县级市 济源市
83%
县级市 新郑市
80%
市辖区 二七区
76%
市辖区 管城回族区
72%
县级市 林州市
70%
市辖区 金水区
69%
县级市 登封市
69%
县级市 荥阳市
68%
县级市 巩义市
67%
县级市 灵宝市
66%
中牟县
66%
兰考县
64%
市辖区 陕州区
62%
安阳县
61%
滑县
60%
淇县
60%
县级市 邓州市
59%
县级市 卫辉市
59%
市辖区 偃师区
57%
县级市 新密市
57%
台前县
56%
固始县
56%
市辖区 魏都区
56%
市辖区 中原区
56%
濮阳县
55%
浚县
54%
范县
54%
渑池县
54%
杞县
53%
县级市 汝州市
53%
县级市 义马市
53%
市辖区 瀍河回族区
52%
市辖区 洛龙区
52%
县级市 舞钢市
52%
县级市 禹州市
52%
市辖区 孟津区
51%
伊川县
51%
卢氏县
51%
县级市 长葛市
51%
市辖区 祥符区
50%
市辖区 西工区
50%
汝阳县
50%
嵩县
50%
淅川县
50%
新野县
50%
县级市 永城市
50%
县级市 辉县市
50%
栾川县
49%
市辖区 卧龙区
49%
市辖区 惠济区
49%
市辖区 上街区
49%
县级市 项城市
49%
市辖区 殷都区
48%
市辖区 老城区
48%
新乡县
48%
上蔡县
48%
西峡县
47%
民权县
47%
新县
47%
汤阴县
46%
博爱县
46%
县级市 沁阳市
46%
舞阳县
46%
光山县
46%
桐柏县
45%
市辖区 淮阳区
45%
汝南县
45%
武陟县
44%
修武县
44%
鲁山县
44%
市辖区 建安区
44%
县级市 孟州市
43%
市辖区 宛城区
43%
方城县
43%
市辖区 浉河区
43%
确山县
43%
市辖区 涧西区
42%
县级市 长垣市
42%
潢川县
42%
息县
42%
鄢陵县
42%
市辖区 驿城区
42%
内黄县
41%
洛宁县
41%
新安县
41%
叶县
41%
淮滨县
41%
商城县
41%
鹿邑县
41%
新蔡县
41%
市辖区 顺河回族区
40%
市辖区 禹王台区
40%
唐河县
40%
夏邑县
40%
温县
39%
尉氏县
39%
临颍县
39%
宝丰县
39%
市辖区 湖滨区
39%
市辖区 淇滨区
38%
市辖区 鼓楼区
38%
宜阳县
38%
南乐县
38%
获嘉县
38%
罗山县
38%
沈丘县
38%
泌阳县
38%
市辖区 解放区
37%
社旗县
37%
虞城县
37%
市辖区 鹤山区
36%
市辖区 龙亭区
36%
南召县
36%
内乡县
36%
清丰县
36%
市辖区 梁园区
36%
市辖区 红旗区
36%
原阳县
36%
郸城县
36%
郏县
35%
市辖区 睢阳区
35%
市辖区 牧野区
35%
西平县
35%
通许县
34%
市辖区 华龙区
34%
睢县
34%
延津县
34%
市辖区 山城区
33%
镇平县
33%
封丘县
33%
市辖区 平桥区
33%
太康县
33%
市辖区 文峰区
32%
襄城县
32%
西华县
32%
市辖区 郾城区
31%
市辖区 川汇区
31%
柘城县
30%
扶沟县
30%
市辖区 北关区
29%
市辖区 马村区
29%
市辖区 中站区
29%
商水县
29%
平舆县
29%
市辖区 石龙区
28%
市辖区 新华区
28%
宁陵县
28%
遂平县
28%
市辖区 卫滨区
27%
正阳县
27%
市辖区 山阳区
26%
市辖区 源汇区
26%
市辖区 龙安区
25%
市辖区 召陵区
25%
市辖区 卫东区
25%
市辖区 湛河区
24%
市辖区 凤泉区
23%
No matching quizzes found
Score Distribution
Percent of People with Each Score
Percentile by Number Answered
Your Score History
You have not taken this quiz